00505nam a2200169Ia 450000500170000000800410001704000080005804100120006608200130007824501240009126000340021530000170024960000140026665000180028070000270029885000100032520230520122505.0131103s9999 xx 000 0 und d beng aEnglish a880bARI aAristotle's art of poetrybA Greek view of poetry and drama cWith an introduction and explanations by W. Hamilton Fyfe aOxfordbClarendon Pressc1967 axxxii,82 p.  aAristotle aArt of poetry aFyfe, W. Hamilton4ed. aLCLIB